Name an Asian Country That... Quiz Stats

 Plays Quiz Updated Sep 4, 2016

Challenge
Share
Tweet
Embed
Score 0/16 Timer 04:00
2 Plays Today
Name a country that... Country % Correct
...borders Mt. Everest.China (Tibet) and Nepal
91.9%
...has one of the world's top 50 universities*.China, Japan, and Singapore
90.2%
...is a one-party state ruled by a communist party.China, Laos, North Korea, and Vietnam
89.2%
...borders the Bay of Bengal.Bangladesh, India, Myanmar, and Sri Lanka
87.6%
...is at least partly in the Arabian Desert.Jordan, Iraq, Kuwait, Oman, Qatar, Saudi Arabia, UAE, and Yemen
85.7%
...claims and governs land on Borneo.Brunei, Indonesia and Malaysia
81.7%
...has had an elected female Head of Government.Bangladesh, India, Israel, Kyrgyzstan, Mongolia, Nepal, Philippines, Pakistan, South Korea, Sri Lanka, Taiwan, and Thailand
79.4%
...has Christianity as the majority religion.Armenia, Timor-Leste, Georgia, Philippines and Russia
78%
Name a country that... Country % Correct
...is an absolute monarchy.Bahrain, Brunei, Oman, Qatar, Saudi Arabia, and UAE
76.4%
...is a modern location of one of the Seven Wonders of the Ancient World.Iraq and Turkey
72.9%
...resides completely in the Caucasus region.Armenia, Azerbaijan and Georgia
70.8%
...has a capital beginning with the letter P.Cambodia and North Korea
69.9%
...has an animal on their flag.Bhutan, Kazakhstan and Sri Lanka
59.2%
...does not have a UNESCO World Heritage Site.Bhutan, Timor-Leste, Kuwait, Maldives, Brunei, and Taiwan
59.1%
...contains four consecutive consonants in its name.Kazakhstan and North Korea
48.8%
...is the only Asian observer of the Arab League.India
27%

You're not logged in!

Compare scores with friends on all Sporcle quizzes.
OR
Log In

You Might Also Like...

Show Comments

Extras

Top Quizzes Today


Score Distribution

Your Account Isn't Verified!

In order to create a playlist on Sporcle, you need to verify the email address you used during registration. Go to your Sporcle Settings to finish the process.

Report this User

Report this user for behavior that violates our Community Guidelines.

Details: